| 000 | 00604nam a2200217Ia 4500 | ||
|---|---|---|---|
| 005 | 20260429112204.0 | ||
| 008 | 260429s9999||||xx |||||||||||||| ||und|| | ||
| 020 | _a9789391685409 | ||
| 041 | _aEnglish | ||
| 082 |
_a726.145 _bMAN |
||
| 100 | _aManian, V. V. S. | ||
| 245 | 0 |
_aArchitectural beauty of Chola temples / _cV. V. S. Manian |
|
| 250 | _a1st ed. | ||
| 260 |
_aNew Delhi : _bAAYU Publications, _c2025. |
||
| 300 | _axiii, 200 p.; hb | ||
| 650 | _a Art history | ||
| 650 | _a Chola dynasty | ||
| 650 | _a South Indian architecture | ||
| 650 | _aTemple architecture-India | ||
| 942 | _cTB | ||
| 999 |
_c52803 _d52803 |
||